• 首页
  • 本馆介绍
  • 公告通知
  • 最新文献
  • 馆藏检索
  • 电子资源
  • 读者导购
  • 参考咨询
  • 我的图书馆
  • 登录
  • 详细信息显示
  • 放入我的书架
  • 预约/预借图书
  • 作者相关作品
  • 分类相关作品
  • 丛书相关作品
  • 出版社相关作品

书目信息

  • 表格格式
  • 工作单格式
  • 卡片格式
题名:
历史知识智力训练
    
 
作者: 王绍文 , 钮重阳 编著
分册:  
出版信息: 北京   地质出版社  1982
页数: 108页
开本: 19cm
丛书名: 少年智力开发丛书
单 册:
中图分类: G634.51 , G633.51
科图分类:
主题词: 历史课--中学--教学参考资料 , 教育--各级
电子资源:
ISBN:
000 00797nam2 2200289 45
001 0182002071
005 20060810174600.00
010    @dCNY0.35
091    @a7038.新41
100    @a19950630d1982 am y0chiy0121 ea
101 0  @achi
102    @aCN@b110000
105    @ay z 000yy
200 10 @a历史知识智力训练@Ali shi zhi shi zhi li xun lian@f王绍文,钮重阳编著
210    @a北京@c地质出版社@d1982
215    @a108页@d19cm
225 2  @a少年智力开发丛书
410  0 @120010@a少年智力开发丛书
606    @a历史课@x中学@x教学参考资料
606 0  @a教育@x各级
690    @aG634.51@v3
690    @aG633.51
701  0 @a王绍文@Awang shao wen@4编著
701  0 @a钮重阳@Aniu zhong yang@4编著
801  0 @aCN@b上海图书馆@c20060810
801  2 @aCN@bNLC@c20060810
905    @dG633.51@e35
    
    历史知识智力训练/王绍文,钮重阳编著.-北京:地质出版社,1982
    108页;19cm.-(少年智力开发丛书)
    
    
    ISBN :CNY0.35
    
●
相关链接 在E读中查询图书 在五车中查询图书 在当当中查询图书 在豆瓣中查询图书


正题名:历史知识智力训练     索取号:G633.51/35         预约/预借

序号 登录号 条形码 馆藏地/架位号 状态 备注
1 0105644   000254067   第一样本阅览室/ [索取号:G633.51/35] 在馆    
2 0105645   000255440   密集书库/ [索取号:G633.51/35] 在馆    
3 0105646   000255379   密集书库/ [索取号:G633.51/35] 在馆    
4 0106953   000255388   密集书库/ [索取号:G633.51/35] 在馆    
5 0106954   000255404   密集书库/ [索取号:G633.51/35] 在馆    
6 0174616   000254058   密集书库/ [索取号:G633.51/35] 在馆    
7 0174617   000255397   密集书库/ [索取号:G633.51/35] 在馆    
8 0174618   000254129   密集书库/ [索取号:G633.51/35] 在馆    
9 0440461   204404616   密集书库/ [索取号:G633.51/35] 在馆    
10 0441184   204411840   密集书库/ [索取号:G633.51/35] 在馆    
11 0448550   204485501   密集书库/ [索取号:G633.51/35] 在馆    
12 0453891   204538919   密集书库/ [索取号:G633.51/35] 在馆    
唐山师范学院图书馆 欢迎您!
大连网信软件有限公司© 版权所有